El desarrollo de Nicaragua pasa necesariamente por el de la Costa Caribe

Na minha lista:
Detalhes bibliográficos
Formato: Texto
Assuntos:
Tags: Adicionar Tag
Sem tags, seja o primeiro a adicionar uma tag!

MARC

LEADER 00000 a a2200000 04500
001 18900
003
040
245 |a El desarrollo de Nicaragua pasa necesariamente por el de la Costa Caribe  
500 |a Entrevista con Steadman Cunningham  
650 |a GRUPOS ETNICOS  
650 |a ECONOMIA  
650 |a PESCA  
650 |a AUTONOMIA  
650 |a NICARAGUA  
773 |g número 50; páginas 20-25  
999 |c 31459  |d 31459